|
|
|
|
| LEADER |
00000nam0a2200000 4500 |
| 001 |
141272 |
| 005 |
20231101220913.0 |
| 010 |
|
|
|a 5217011785
|
| 020 |
|
|
|a RU
|b 91-42654
|
| 035 |
|
|
|a (RuTPU)RU\TPU\book\153122
|
| 090 |
|
|
|a 141272
|
| 100 |
|
|
|a 20080807d1991 m a0rusy5003 ca
|
| 101 |
0 |
|
|a rus
|
| 102 |
|
|
|a RU
|
| 105 |
|
|
|a a j 001zy
|
| 200 |
1 |
|
|a Технологическое обеспечение гибких автоматизированных производств
|e учебное пособие
|f А. А. Балыбердин, О. М. Тарасевич
|g Университет технического прогресса в машиностроении
|
| 210 |
|
|
|a Москва
|c Машиностроение
|d 1991
|
| 215 |
|
|
|a 55, [1] с.
|c ил.
|d 22 см
|
| 320 |
|
|
|a Библиогр.: с. 56 (10 назв.)
|
| 610 |
1 |
|
|a гибкие автоматизированные производства
|
| 610 |
1 |
|
|a гибкие производственные системы
|
| 610 |
1 |
|
|a технологическое обеспечение
|
| 610 |
1 |
|
|a технологическая оснастка
|
| 610 |
1 |
|
|a учебные пособия
|
| 675 |
|
|
|a 621.002:658.5.2(075.4)
|z rus
|
| 700 |
|
1 |
|a Балыбердин
|b А. А.
|g Алексей Александрович
|4 070
|
| 701 |
|
1 |
|a Тарасевич
|b О. М.
|g Олег Михайлович
|4 070
|
| 712 |
0 |
2 |
|a Университет технического прогресса в машиностроении
|2 stltpush
|3 (RuTPU)RU\TPU\col\8721
|9 24571
|
| 801 |
|
0 |
|a RU
|b RuMRKP
|c 19950417
|g psbo
|
| 801 |
|
1 |
|a RU
|b 63413507
|c 20080807
|g PSBO
|
| 801 |
|
2 |
|a RU
|b 63413507
|c 20100414
|g PSBO
|
| 900 |
|
|
|a Гибкое автоматизированное производство
|
| 942 |
|
|
|c BK
|